Missing Word: Animal Idioms Quiz Stats

Quiz Updated Oct 12, 2015

Challenge
Share
Tweet
Embed
Score 0/20 Timer 04:00
2 Plays Today
Idiom Missing Word % Correct
Guinea ___pig
98.2%
Let the ___ out of the bagcat
97.9%
Pull a ______ out of a hatrabbit
96.9%
Take the ____ by the hornsbull
96.4%
Kill two _____ with one stonebirds
96.4%
Dark _____horse
96.3%
The birds and the ____bees
94.8%
Black _____ (of the family)sheep
92.8%
Can of _____worms
92.7%
___ on the wallfly
92.4%
Idiom Missing Word % Correct
At a _____'s pacesnail
92.3%
Run around like a headless _______chicken
91.6%
____ in your pantsants
91.3%
Have ___________ in your stomachbutterflies
91.1%
Eager ______beaver
90.3%
Lone ____wolf
89.1%
As poor as a church _____mouse
88.7%
Smell a ___rat
87.6%
Get the ____'s sharelion
83.9%
___ daysdog
83.3%

Today's Daily Dose

Missing Word
Jazz Songs 'C'

On This Day
January 18th

You're not logged in!

Compare scores with friends on all Sporcle quizzes.
Sign Up with Email
OR
Log In

You Might Also Like...

Show Comments

Extras

Top Quizzes Today


Score Distribution

Your Account Isn't Verified!

In order to create a playlist on Sporcle, you need to verify the email address you used during registration. Go to your Sporcle Settings to finish the process.